000 00289nam a2200121Ia 4500
008 190216s9999||||xx |||||||||||||| ||und||
100 _aMaarif Dar Al
245 0 _aAl- Adab- Al Ararhl Ma`Asir. 12.Edi
260 _bDar-Al-Maari Cairo
_c1999
300 _a307
650 _aArabic
942 _cBK
999 _c587
_d587